MARC details
| 000 -CABECERA |
| campo de control de longitud fija |
01864nam a2200277 a 4500 |
| 001 - NÚMERO DE CONTROL |
| campo de control |
000007019 |
| 005 - FECHA Y HORA DE LA ÚLTIMA TRANSACCIÓN |
| campo de control |
20250217092805.0 |
| 008 - DATOS DE LONGITUD FIJA--INFORMACIÓN GENERAL |
| campo de control de longitud fija |
090904s2000 dr 000 0 spa d |
| 040 ## - FUENTE DE LA CATALOGACIÓN |
| Centro catalogador/agencia de origen |
DO-SdBNP |
| Lengua de catalogación |
spa |
| Centro/agencia transcriptor |
BNPHU |
| 082 ## - NÚMERO DE LA CLASIFICACIÓN DECIMAL DEWEY |
| Número de clasificación |
253.25 |
| Número de documento/Ítem |
J91c |
| 100 1# - ENTRADA PRINCIPAL--NOMBRE DE PERSONA |
| Nombre de persona |
Juanes, Benigno |
| Fechas asociadas al nombre |
1916-2009 |
| 9 (RLIN) |
442 |
| 245 10 - MENCIÓN DE TÍTULO |
| Título |
Con un corazón indiviso : |
| Resto del título |
(el misterio de la virginidad y del celibato consagrado) / |
| Mención de responsabilidad, etc. |
Benigno Juanes, S.J. |
| 260 ## - PUBLICACIÓN, DISTRIBUCIÓN, ETC. |
| Lugar de publicación, distribución, etc. |
Santo Domingo, : |
| Nombre del editor, distribuidor, etc. |
Amigo del Hogar, |
| Fecha de publicación, distribución, etc. |
2000. |
| 300 ## - DESCRIPCIÓN FÍSICA |
| Extensión |
225 p. ; |
| Dimensiones |
22 cm. |
| 490 1# - MENCIÓN DE SERIE |
| Mención de serie |
SENDA |
| Designación de volumen o secuencia |
12 |
| 490 1# - MENCIÓN DE SERIE |
| Mención de serie |
Guiones para una vida en Cristo |
| 505 0# - NOTA DE CONTENIDO CON FORMATO |
| Información miscelánea |
Prólogo -- |
| Título |
Carácter teologal de la vida consagrada -- |
| -- |
El misterio de la virginidad y del celibato consagrado -- |
| -- |
El misterio de la virginidad y del celibato consagrado como signo -- |
| -- |
La vida consagrada misterio de comunidad de caridad -- |
| -- |
El misterio de la virginidad y del celibato consagrado como renuncia -- |
| -- |
La madurez afectiva y la castidad -- |
| -- |
¿Es posible vivir la virginidad y el celibato con alegría interior? -- |
| -- |
La vida de comunidad, el compartir fraternal y su incidencia en vivir la virginidad y el celibato consagrado -- |
| -- |
La actitud de una discreta vigilancia -- |
| -- |
La serenidad interior y el interés por las cosas -- |
| -- |
El trabajo apostólico y la castidad consagrada -- |
| -- |
La intimidad con Dios en la oración -- |
| -- |
El amor a Jesucristo y la vivencia de la virginidad y del celibato consagrado -- |
| -- |
La Eucaristía y la castidad consagrada -- |
| -- |
El sacramento de la reconciliación y la castidad consagrada -- |
| -- |
La vida consagrada misterio de fe -- |
| Información miscelánea |
Epílogo. |
| 590 ## - NOTA LOCAL (RLIN) |
| Nota local |
Inventariado, 2018/ YL |
| 650 #4 - PUNTO DE ACCESO ADICIONAL DE MATERIA--TÉRMINO DE MATERIA |
| Término de materia o nombre geográfico como elemento de entrada |
Voto de castidad |
| 9 (RLIN) |
19509 |
| 650 #4 - PUNTO DE ACCESO ADICIONAL DE MATERIA--TÉRMINO DE MATERIA |
| Término de materia o nombre geográfico como elemento de entrada |
Celibato |
| 9 (RLIN) |
19510 |
| 650 #4 - PUNTO DE ACCESO ADICIONAL DE MATERIA--TÉRMINO DE MATERIA |
| Término de materia o nombre geográfico como elemento de entrada |
Virginidad |
| 9 (RLIN) |
19511 |
| 650 #4 - PUNTO DE ACCESO ADICIONAL DE MATERIA--TÉRMINO DE MATERIA |
| Término de materia o nombre geográfico como elemento de entrada |
Vida religiosa |
| 9 (RLIN) |
15864 |
| 830 #0 - PUNTO DE ACCESO ADICIONAL DE SERIE-TÍTULO UNIFORME |
| Título uniforme |
SENDA |
| Designación de volumen o secuencia |
12 |
| 9 (RLIN) |
12405 |
| 830 #0 - PUNTO DE ACCESO ADICIONAL DE SERIE-TÍTULO UNIFORME |
| Título uniforme |
Guiones para una vida en Cristo |
| 9 (RLIN) |
446 |
| 910 ## - DATOS DE OPCIÓN DEL USUARIO (OCLC) |
| Datos de opción del usuario |
Validado. Control de calidad EMS |